Y học phổ thông dành cho mọi người : Chuyên đề ngăn ngừa đột quỵ
Chuyên đề bao gồm các nội dung: hiểu về đột quỵ để ngăn ngừa bệnh; các biện pháp dự phòng đột quỵ não; thực phẩm giúp phòng ngừa đột quỵ; mẹo sống thọ và ngăn ngừa đột quỵ; làm gì để đề phòng "trúng phong";......
Wedi'i Gadw mewn:
| Prif Awdur: | |
|---|---|
| Awduron Eraill: | , |
| Fformat: | Llyfr |
| Iaith: | Vietnamese |
| Cyhoeddwyd: |
Tp. Hồ Chí Minh
Thanh niên
2016
|
| Pynciau: | |
| Tagiau: |
Ychwanegu Tag
Dim Tagiau, Byddwch y cyntaf i dagio'r cofnod hwn!
|
| Thư viện lưu trữ: | Thư viện Trường Đại học Nam Cần Thơ |
|---|
| LEADER | 01365nam a2200265 4500 | ||
|---|---|---|---|
| 001 | NCT_124001 | ||
| 008 | 170928b xxu||||| |||| 00| 0 vie d | ||
| 999 | |c 6353 |d 6353 | ||
| 020 | |c 18000 |a 9786046442431 | ||
| 041 | |a vie | ||
| 082 | 0 | 4 | |2 23rd ed. |a 610 |b T121 |
| 100 | 1 | |a Hoàng Duy Tân |e Chủ biên | |
| 245 | 1 | 0 | |a Y học phổ thông dành cho mọi người : |b Chuyên đề ngăn ngừa đột quỵ |p |c Hoàng Duy Tân, Nguyễn Công Đức, Huỳnh Tấn Vũ (Chủ biên) |
| 260 | |a Tp. Hồ Chí Minh |b Thanh niên |c 2016 | ||
| 300 | |c 26cm | ||
| 310 | |a Hàng tháng | ||
| 362 | |a 2016 | ||
| 520 | 3 | |a Chuyên đề bao gồm các nội dung: hiểu về đột quỵ để ngăn ngừa bệnh; các biện pháp dự phòng đột quỵ não; thực phẩm giúp phòng ngừa đột quỵ; mẹo sống thọ và ngăn ngừa đột quỵ; làm gì để đề phòng "trúng phong";... | |
| 653 | |a Y đa khoa | ||
| 655 | |a Tạp chí | ||
| 700 | 1 | |a Nguyễn Công Đức |e Chủ biên | |
| 700 | 1 | |a Huỳnh Tấn Vũ |e Chủ biên | |
| 942 | |2 ddc |c CR | ||
| 952 | |0 0 |1 0 |2 ddc |4 0 |6 610_000000000000000_T121 |7 0 |9 23956 |a 000001 |b 000001 |d 2022-05-14 |o 610 T121 |r 2022-05-14 |w 2022-05-14 |y CR | ||
| 980 | |a Thư viện Trường Đại học Nam Cần Thơ | ||


